| 000 | 00540nam a2200169Ia 4500 | ||
|---|---|---|---|
| 999 |
_c11822 _d11822 |
||
| 003 | OSt | ||
| 005 | 20201020114026.0 | ||
| 008 | 190216s9999||||xx |||||||||||||| ||und|| | ||
| 040 | _coclc | ||
| 082 |
_a810.9 _bOLI/S |
||
| 100 |
_aOliver, Egbert S _94639 |
||
| 245 | 0 |
_aStudies In American Literature / _cEgbert S Oliver |
|
| 260 |
_bEurasia Pub-Ltd, _c1971. _aNew delhi: |
||
| 300 | _a224p | ||
| 650 | _aEnglish Stories-English Stories-English Stories-English Stories | ||
| 942 |
_cBK _2ddc _h810.9 _iOLI/S _k810.9 _mOLI/S |
||